Hayloft - Mother Mother - All Lyrics - Statistics

General Stats
  • This quiz has been taken 187 times
  • The average score is 269 of 318
Answer Stats
Answer % Correct
a
97%
Ahh, yah,
97%
My
97%
yah, yah
97%
ga-ga
96%
Ga-ga-ga,
96%
Ga-ga-ga-ga
96%
bedheads
94%
got
94%
gun
94%
gun,
94%
You
94%
daddy's
92%
hay
90%
the
90%
better
88%
run
87%
(loft)
85%
hayloft
83%
It
81%
it
81%
with
80%
With
80%
in
79%
started
77%
love
75%
lovers
71%
on,
71%
his
69%
to
68%
Young
68%
long,
61%
and
60%
up
60%
went
60%
a-creeping
59%
long-johns
58%
pop
58%
Pop
58%
a-creakin'
56%
just
56%
are
55%
not
54%
their
54%
they
53%
sleeping
52%
tied
51%
legs
50%
knots
48%
Well,
47%
barn,
44%
Out
44%
off
41%
turned
40%
straight
36%
blow
33%
tall
18%
No matching quizzes found
Score Distribution
Percent of People with Each Score
Percentile by Number Answered
Your Score History
You have not taken this quiz